| 000 | 00396 a2200145 4500 | ||
|---|---|---|---|
| 082 | _a297.1975 | ||
| 090 |
_c6535 _d6535 |
||
| 100 | _aHussain,Muzaffar | ||
| 245 |
_aAgricultural Extension in Islamic Cultural Milieu. _cMuzaffar Hussain |
||
| 250 | _a1st. | ||
| 260 |
_aIslamabad. _bNational Science Council. _c1983. |
||
| 300 | _a154p. | ||
| 500 | _aHard cover | ||
| 942 |
_aNBS _cBK _k297.1975 HUS |
||
| 999 |
_c348894 _d348894 |
||